| 000 | 00653cab a2200217 4500 | ||
|---|---|---|---|
| 001 | WB3101-37 | ||
| 008 | 090401t1994 xxu||||| |||| 00| 0 eng d | ||
| 035 | _a(Sirsi) u61526 | ||
| 041 | _aeng | ||
| 245 | _aDigital address book | ||
| 260 | _c1994 | ||
| 350 | _a0 | ||
| 490 |
_aIndependent _v19 December 1994, 21(1) |
||
| 520 | _aProfiles the Ordnance Survey`s "Address-Point", a standard list of postal addresses and their locations. | ||
| 650 | _aORDNANCE SURVEY | ||
| 650 | _aSTANDARD ADDRESSES | ||
| 690 | _aMANAGEMENT-BUSINESS MANAGEMENT-INFORMATION MANAGEMENT | ||
| 690 | _aMAPPING AND MEASUREMENT | ||
| 942 | _n0 | ||
| 948 | _c04/03/1997 | ||
| 999 |
_c38137 _d38137 |
||